EÚ oprášila Stratégiu trvalo udržateľného rozvoja

Bibliographic Details
Other Authors: Kopečný, T. (Photographer), Ridzoňová, M. (Photographer)
Format: Article
Language:Slovak
PhysicalDescription:Fotogr.
ISSN:1335-1877
Subjects:

MARC

LEADER 00000nab a2200000 a 4500
001 vtls010254544
003 SK-MaSNL
005 20260304162608.0
008 25050721c2006 xo o e slol
035 |a SVKKK000083301 
035 |a urn:nbn:sk:snk-abc6lj 
035 |a (urnnbn)urn:nbn:sk:snk:ar-006gf9 
035 |a (uuid)2154961f-c1ff-4069-8d8a-da43768fd918 
038 |a SVKKK 
040 |a SNKBUCL  |b slo  |c SNKBUCL  |e AACR2 
041 0 |a slo 
044 |a xo  |c SK 
080 |a 502.3(083.97)  |2 1997 
100 1 |a Kopečný, T.  |4 pht  |9 1488332 
245 1 0 |a EÚ oprášila Stratégiu trvalo udržateľného rozvoja  |c T. Kopečný, M. Ridzoňová 
300 |b Fotogr. 
610 2 7 |a Stratégia trvalo udržateľného rozvoja  |x obnovenie (Európska únia)  |y 2006  |x ciele  |2 snkbucl  |9 1488333 
700 1 |a Ridzoňová, M.  |4 pht  |9 1488334 
773 0 |t Enviromagazín  |g Roč. 11, č. 4(2006), s. 22-23  |x 1335-1877 
850 |a Slovenská národná knižnica 
852 |a Slovenská národná knižnica 
954 |a odborná, vedecká literatúra pôvodná (slovenská)  |2 lita 
958 |a article15 
958 |a OND 
958 |a EUIPO 
999 |c 2974992  |d 2976922